[Event "4. Open Hotel Avenida de Canarias 2010"]
[Site "Vecindario ESP"]
[Date "2010.07.18"]
[Round "1.2"]
[White "Perez Castellano, Susana"]
[Black "Kurajica, Bojan"]
[Result "0-1"]
[WhiteElo "1794"]
[BlackElo "2528"]
[PlyCount "58"]
[EventDate "2010.07.18"]
[EventType "swiss"]
[EventRounds "9"]
[EventCountry "ESP"]
[Source "lmi"]
[SourceDate "2010.07.18"]

1. e4 c5 2. Nf3 Nc6 3. d4 cxd4 4. Nxd4 Qb6 5. Nb3 Nf6 6. Nc3 e6 7. Bd3 d6 8.
Be3 Qc7 9. O-O a6 10. a4 b6 11. f4 Bb7 12. Be2 Be7 13. Bf3 O-O 14. Qe2 Nd7 15.
Rad1 Rac8 16. Qf2 Nc5 17. Kh1 Qb8 18. g4 Nxb3 19. cxb3 b5 20. g5 Rfe8 21. Rg1
Bf8 22. Rg3 b4 23. Nb1 Ne7 24. Rh3 Ng6 25. Nd2 Rc2 26. f5 exf5 27. exf5 Ne5 28.
Qh4 h6 29. gxh6 Rxd2 0-1

[Event "4. Open Hotel Avenida de Canarias 2010"]
[Site "Vecindario ESP"]
[Date "2010.07.18"]
[Round "1.4"]
[White "Viera Falcon, Cristo"]
[Black "Munoz Pantoja, Miguel"]
[Result "0-1"]
[WhiteElo "1782"]
[BlackElo "2494"]
[PlyCount "62"]
[EventDate "2010.07.18"]
[EventType "swiss"]
[EventRounds "9"]
[EventCountry "ESP"]
[Source "lmi"]
[SourceDate "2010.07.18"]

1. d4 c5 2. c3 Nf6 3. Nf3 Qc7 4. g3 g6 5. Na3 Bg7 6. Bg2 a6 7. dxc5 Qxc5 8. O-O
d6 9. Ne1 O-O 10. Qb3 Nbd7 11. Nd3 Qc7 12. h3 Rb8 13. Be3 b5 14. Nc2 Nb6 15.
Bxb6 Rxb6 16. Nd4 e5 17. Nc2 a5 18. Ne3 Be6 19. Qa3 Rbb8 20. b3 Rfc8 21. Kh2 h5
22. f4 e4 23. Nb2 Qxc3 24. Ned1 Qc7 25. b4 a4 26. Rb1 Qc2 27. Ne3 Qc3 28. Qxc3
Rxc3 29. Nbd1 Ra3 30. Nc2 Rxa2 31. Nd4 Ng4+ 0-1

[Event "4. Open Hotel Avenida de Canarias 2010"]
[Site "Vecindario ESP"]
[Date "2010.07.18"]
[Round "1.5"]
[White "Barlov, Dragan"]
[Black "Rivas Crespo, Alejandro"]
[Result "1-0"]
[WhiteElo "2493"]
[BlackElo "1755"]
[PlyCount "75"]
[EventDate "2010.07.18"]
[EventType "swiss"]
[EventRounds "9"]
[EventCountry "ESP"]
[Source "lmi"]
[SourceDate "2010.07.18"]

1. e4 c5 2. Nf3 Nc6 3. Bb5 d6 4. O-O Nf6 5. Re1 g6 6. e5 Nd5 7. Nc3 Nxc3 8.
dxc3 d5 9. Bxc6+ bxc6 10. Be3 e6 11. Bg5 Be7 12. Qd2 a5 13. Qf4 Bxg5 14. Nxg5
Qe7 15. h4 h6 16. Nf3 Ba6 17. Nh2 h5 18. Nf3 Kf8 19. Ng5 Kg7 20. Re3 Rhf8 21.
Rae1 Ra7 22. Rf3 Rd7 23. Qg3 d4 24. Ne4 Rb7 25. b3 Rc7 26. Nd6 Bc8 27. Re4 Ba6
28. cxd4 cxd4 29. Rxd4 Bb5 30. c4 c5 31. Rdf4 Be8 32. a4 Rd7 33. Rf6 Rc7 34.
Qg5 Rd7 35. Qd2 Qd8 36. Rd3 Kg8 37. Qh6 Qe7 38. Ne4 1-0

[Event "4. Open Hotel Avenida de Canarias 2010"]
[Site "Vecindario ESP"]
[Date "2010.07.18"]
[Round "1.6"]
[White "Monzon Aleman, Ayoze"]
[Black "Andres Gonzalez, Alberto"]
[Result "0-1"]
[WhiteElo "1750"]
[BlackElo "2492"]
[PlyCount "68"]
[EventDate "2010.07.18"]
[EventType "swiss"]
[EventRounds "9"]
[EventCountry "ESP"]
[Source "lmi"]
[SourceDate "2010.07.18"]

1. e4 c5 2. Nf3 d6 3. Nc3 a6 4. b3 g6 5. Bb2 Bg7 6. Rb1 Nc6 7. Be2 e6 8. O-O
Nge7 9. Nd5 e5 10. Nxe7 Qxe7 11. Re1 O-O 12. c3 f5 13. d3 Be6 14. Bf1 Kh8 15.
Qd2 h6 16. Rbd1 Rae8 17. Qe3 Qf7 18. Bc1 g5 19. Nd2 f4 20. Qe2 g4 21. f3 h5 22.
Kh1 Bf6 23. Qf2 Rg8 24. fxg4 hxg4 25. Be2 Qh7 26. g3 Ref8 27. Qg1 Rg6 28. Bf1
fxg3 29. Re2 gxh2 30. Rxh2 Bh4 31. Qg2 g3 32. Rxh4 Qxh4+ 33. Kg1 Rf2 34. Qh1
Rh2 0-1

[Event "4. Open Hotel Avenida de Canarias 2010"]
[Site "Vecindario ESP"]
[Date "2010.07.18"]
[Round "1.7"]
[White "Garcia Padron, Jose"]
[Black "Arencibia Jimenez, Jose Francis"]
[Result "1-0"]
[WhiteElo "2455"]
[BlackElo "1744"]
[PlyCount "39"]
[EventDate "2010.07.18"]
[EventType "swiss"]
[EventRounds "9"]
[EventCountry "ESP"]
[Source "lmi"]
[SourceDate "2010.07.18"]

1. d4 d5 2. c4 Nf6 3. cxd5 Nxd5 4. e4 Nb6 5. Nc3 e6 6. Nf3 Be7 7. Bd3 c5 8.
dxc5 Bxc5 9. O-O Nc6 10. e5 Nd5 11. Ne4 Be7 12. Qe2 Ndb4 13. Bb1 Nd4 14. Nxd4
Qxd4 15. Bf4 b6 16. Rd1 Ba6 17. Qf3 Qxd1+ 18. Qxd1 O-O 19. Qg4 Bd3 20. Bh6 1-0

[Event "4. Open Hotel Avenida de Canarias 2010"]
[Site "Vecindario ESP"]
[Date "2010.07.18"]
[Round "1.8"]
[White "Aguila Hernandez, Eduardo"]
[Black "Campos Gambuti, Luis Maria"]
[Result "0-1"]
[WhiteElo "1734"]
[BlackElo "2446"]
[PlyCount "54"]
[EventDate "2010.07.18"]
[EventType "swiss"]
[EventRounds "9"]
[EventCountry "ESP"]
[Source "lmi"]
[SourceDate "2010.07.18"]

1. e4 e6 2. d4 d5 3. exd5 exd5 4. Bd3 Nc6 5. Ne2 Bd6 6. h3 Qf6 7. c3 Nge7 8.
O-O h5 9. Ng3 g6 10. Nd2 h4 11. Nh1 g5 12. Nb3 b6 13. f3 Be6 14. Nf2 a5 15. a4
Qg7 16. Qe2 Bd7 17. Re1 f5 18. Qc2 O-O-O 19. Ba6+ Kb8 20. Nc5 Bg3 21. Nxd7+
Rxd7 22. Bb5 g4 23. Re6 gxf3 24. Bxc6 Bh2+ 25. Kf1 fxg2+ 26. Ke2 g1=Q 27. Qd3
Nxc6 0-1

[Event "4. Open Hotel Avenida de Canarias 2010"]
[Site "Vecindario ESP"]
[Date "2010.07.18"]
[Round "1.9"]
[White "Vidarte Morales, Arturo"]
[Black "Korneev, Svyatoslav"]
[Result "1-0"]
[WhiteElo "2409"]
[BlackElo "1724"]
[PlyCount "59"]
[EventDate "2010.07.18"]
[EventType "swiss"]
[EventRounds "9"]
[EventCountry "ESP"]
[Source "lmi"]
[SourceDate "2010.07.18"]

1. Nf3 Nf6 2. c4 g6 3. Nc3 c5 4. d4 Bg7 5. d5 d6 6. e4 Nbd7 7. h3 a6 8. a4 Qa5
9. Bd2 O-O 10. Bd3 Re8 11. O-O Qc7 12. Bg5 Rb8 13. Qd2 e6 14. Rfe1 exd5 15.
exd5 Nf8 16. Qf4 Nh5 17. Qh4 Rxe1+ 18. Rxe1 Qb6 19. g4 Qxb2 20. Ne4 f5 21. Nxd6
fxg4 22. hxg4 Nf6 23. Re7 Bxg4 24. Ne5 Nxd5 25. Rxg7+ Kxg7 26. Bh6+ Kg8 27.
Nxg4 Qb6 28. Nf6+ Nxf6 29. Qxf6 Qc7 30. Be4 1-0

[Event "4. Open Hotel Avenida de Canarias 2010"]
[Site "Vecindario ESP"]
[Date "2010.07.18"]
[Round "1.10"]
[White "Ruiz Delgado, Basilio"]
[Black "Martinez Martin, David"]
[Result "0-1"]
[WhiteElo "1720"]
[BlackElo "2406"]
[PlyCount "58"]
[EventDate "2010.07.18"]
[EventType "swiss"]
[EventRounds "9"]
[EventCountry "ESP"]
[Source "lmi"]
[SourceDate "2010.07.18"]

1. d4 Nf6 2. Nf3 g6 3. c4 Bg7 4. Nc3 O-O 5. e4 d6 6. Be2 e5 7. dxe5 dxe5 8.
Qxd8 Rxd8 9. Bg5 Na6 10. O-O Re8 11. Rfd1 c6 12. Rd6 Be6 13. Rad1 Nc5 14. Bxf6
Bxf6 15. b4 Na6 16. a3 Be7 17. R6d2 f6 18. Ne1 Nc7 19. Nf3 a5 20. Rb2 axb4 21.
axb4 Ra6 22. Na2 Rea8 23. Rdd2 b5 24. cxb5 Rxa2 25. Rxa2 Rxa2 26. Rxa2 Bxa2 27.
b6 Nb5 28. b7 Bd6 29. Ne1 Nd4 0-1

[Event "4. Open Hotel Avenida de Canarias 2010"]
[Site "Vecindario ESP"]
[Date "2010.07.18"]
[Round "1.11"]
[White "Rudolf, Anna"]
[Black "Rodriguez Mellado, Antonio"]
[Result "1-0"]
[WhiteElo "2393"]
[BlackElo "1716"]
[PlyCount "55"]
[EventDate "2010.07.18"]
[EventType "swiss"]
[EventRounds "9"]
[EventCountry "ESP"]
[Source "lmi"]
[SourceDate "2010.07.18"]

1. e4 e5 2. Nf3 Nc6 3. Bc4 Bc5 4. c3 Nf6 5. d3 d5 6. exd5 Nxd5 7. Qb3 Na5 8.
Qb5+ c6 9. Qxc5 b6 10. Qa3 e4 11. Nd4 e3 12. O-O c5 13. Qa4+ Bd7 14. Nb5 Nxc4
15. Qxc4 Bc6 16. Nd4 Bb7 17. Nf5 Qf6 18. fxe3 O-O-O 19. Qg4 Kb8 20. e4 Nc7 21.
Bg5 Qg6 22. Nh4 Qc6 23. Bxd8 Rxd8 24. Nd2 Rxd3 25. Rad1 Ne6 26. Rxf7 Bc8 27.
Nf1 Nd8 28. Qf4+ 1-0

[Event "4. Open Hotel Avenida de Canarias 2010"]
[Site "Vecindario ESP"]
[Date "2010.07.18"]
[Round "1.12"]
[White "Gonzalez Mohamed, Riduan"]
[Black "Vega Gutierrez, Sabrina"]
[Result "0-1"]
[WhiteElo "1713"]
[BlackElo "2373"]
[PlyCount "54"]
[EventDate "2010.07.18"]
[EventType "swiss"]
[EventRounds "9"]
[EventCountry "ESP"]
[Source "lmi"]
[SourceDate "2010.07.18"]

1. b3 e5 2. Bb2 Nc6 3. e3 d5 4. Nf3 Bd6 5. Bb5 f6 6. c4 a6 7. cxd5 axb5 8. dxc6
bxc6 9. d4 exd4 10. Nxd4 Qd7 11. Qf3 Ra6 12. Nc3 Ne7 13. O-O O-O 14. Rfc1 f5
15. Nde2 Ng6 16. g3 Ne5 17. Qg2 Nd3 18. Rc2 Nxb2 19. Rxb2 b4 20. Na4 Rxa4 21.
bxa4 Be5 22. Nd4 c5 23. Rd1 cxd4 24. Rxb4 c5 25. Rc4 Bb7 26. Qf1 Qd5 27. f3 Ba6
0-1

[Event "4. Open Hotel Avenida de Canarias 2010"]
[Site "Vecindario ESP"]
[Date "2010.07.18"]
[Round "1.13"]
[White "Fernandez Siles, Luis"]
[Black "Leon Manas, Jose Francisco"]
[Result "1-0"]
[WhiteElo "2368"]
[BlackElo "1712"]
[PlyCount "89"]
[EventDate "2010.07.18"]
[EventType "swiss"]
[EventRounds "9"]
[EventCountry "ESP"]
[Source "lmi"]
[SourceDate "2010.07.18"]

1. e4 e5 2. Nf3 Nc6 3. Bc4 Bc5 4. c3 Nf6 5. d3 O-O 6. O-O a6 7. Bb3 d6 8. h3
Ba7 9. Bg5 Na5 10. Bc2 Be6 11. d4 h6 12. Bh4 exd4 13. cxd4 Nc4 14. b3 Nb6 15.
Nbd2 g5 16. Nxg5 hxg5 17. Bxg5 Nbd7 18. d5 Bxh3 19. gxh3 Kg7 20. Kg2 Rg8 21. f4
Kf8 22. Kh2 Qe8 23. Nf3 Rh8 24. Nd2 Nh5 25. Qf3 f6 26. Bh4 Qg6 27. Rac1 Qh6 28.
Bd1 Rc8 29. Qxh5 Qxh5 30. Bxh5 Rxh5 31. Bf2 Bc5 32. Bxc5 Nxc5 33. Rf3 Re8 34.
e5 b6 35. b4 Na4 36. Ne4 Rh6 37. Nxf6 Re7 38. Rg1 Rxf6 39. exf6 Re2+ 40. Rg2
Re4 41. h4 Kf7 42. h5 Rd4 43. h6 Re4 44. h7 Re8 45. Rg7+ 1-0

[Event "4. Open Hotel Avenida de Canarias 2010"]
[Site "Vecindario ESP"]
[Date "2010.07.18"]
[Round "1.14"]
[White "Guedes Lopez, Saul"]
[Black "Cabrera Trujillo, Jorge"]
[Result "0-1"]
[WhiteElo "1712"]
[BlackElo "2365"]
[PlyCount "48"]
[EventDate "2010.07.18"]
[EventType "swiss"]
[EventRounds "9"]
[EventCountry "ESP"]
[Source "lmi"]
[SourceDate "2010.07.18"]

1. Nf3 Nf6 2. e3 d5 3. b3 Bg4 4. Bb2 Nbd7 5. Be2 e6 6. O-O Bd6 7. c4 c6 8. d3
Qe7 9. Nbd2 O-O 10. cxd5 exd5 11. Ne1 Bxe2 12. Qxe2 Rac8 13. d4 Ne4 14. Nxe4
dxe4 15. Nc2 f5 16. a4 Rf6 17. Ba3 Rh6 18. Bxd6 Qxd6 19. g3 Nf6 20. Rfd1 Ng4
21. h4 Rxh4 22. Kf1 Rh1+ 23. Kg2 Rh2+ 24. Kg1 Qh6 0-1

[Event "4. Open Hotel Avenida de Canarias 2010"]
[Site "Vecindario ESP"]
[Date "2010.07.18"]
[Round "1.15"]
[White "Tatai, Stefano"]
[Black "Sanchez Montesdeoca, Isaac"]
[Result "1-0"]
[WhiteElo "2357"]
[BlackElo "1705"]
[PlyCount "69"]
[EventDate "2010.07.18"]
[EventType "swiss"]
[EventRounds "9"]
[EventCountry "ESP"]
[Source "lmi"]
[SourceDate "2010.07.18"]

1. e4 c5 2. Nf3 d6 3. d4 cxd4 4. Nxd4 Nf6 5. Nc3 g6 6. Be3 Bg7 7. f3 O-O 8. Qd2
Nc6 9. Bc4 Bd7 10. O-O-O Rc8 11. Bb3 Ne5 12. Kb1 Nc4 13. Bxc4 Rxc4 14. h4 h5
15. g4 b5 16. g5 Ne8 17. Ndxb5 Qb8 18. Nd4 Nc7 19. Nce2 Rc8 20. Rc1 a5 21. c3
d5 22. Nc2 Nb5 23. Ncd4 Nd6 24. exd5 Qb7 25. Nf4 Rb8 26. Ka1 Ra4 27. b3 Ra3 28.
Rb1 Qc7 29. Nfe2 Bb5 30. Rhc1 a4 31. Qb2 Bxe2 32. Qxa3 Bxf3 33. Nxf3 Bxc3+ 34.
Rb2 Nc4 35. Rxc3 1-0

[Event "4. Open Hotel Avenida de Canarias 2010"]
[Site "Vecindario ESP"]
[Date "2010.07.18"]
[Round "1.16"]
[White "Jimenez Mendoza, Jose Miguel"]
[Black "Hernando Rodrigo, Jose Maria"]
[Result "0-1"]
[WhiteElo "1696"]
[BlackElo "2328"]
[PlyCount "92"]
[EventDate "2010.07.18"]
[EventType "swiss"]
[EventRounds "9"]
[EventCountry "ESP"]
[Source "lmi"]
[SourceDate "2010.07.18"]

1. e4 d5 2. exd5 Qxd5 3. Nc3 Qa5 4. Nf3 Nf6 5. d4 Bg4 6. Be2 Nc6 7. O-O O-O-O
8. Be3 e5 9. Bg5 Bxf3 10. Bxf3 Nxd4 11. Ne4 Be7 12. c3 Ne6 13. Qb3 Qb6 14. Qxb6
axb6 15. Rfd1 Rhe8 16. Bxf6 Bxf6 17. Bg4 Rxd1+ 18. Rxd1 Bd8 19. Kf1 g6 20. Be2
f5 21. Bb5 Re7 22. Nd2 c6 23. Bc4 b5 24. Bxe6+ Rxe6 25. Nb3 Bb6 26. Ke2 Kc7 27.
f3 e4 28. Nd4 exf3+ 29. Kxf3 Rd6 30. Ke3 Bxd4+ 31. Rxd4 Rxd4 32. Kxd4 Kd6 33.
b4 b6 34. a3 c5+ 35. bxc5+ bxc5+ 36. Kd3 g5 37. c4 b4 38. axb4 cxb4 39. Kd4 Kc6
40. c5 b3 41. Kc3 Kxc5 42. Kxb3 Kd4 43. Kc2 Ke3 44. Kd1 Kf2 45. g3 Kg2 46. Ke2
f4 0-1

[Event "4. Open Hotel Avenida de Canarias 2010"]
[Site "Vecindario ESP"]
[Date "2010.07.18"]
[Round "1.17"]
[White "Pile, Richard"]
[Black "Aleman Alamo, Nicolas"]
[Result "1-0"]
[WhiteElo "2317"]
[BlackElo "1681"]
[PlyCount "69"]
[EventDate "2010.07.18"]
[EventType "swiss"]
[EventRounds "9"]
[EventCountry "ESP"]
[Source "lmi"]
[SourceDate "2010.07.18"]

1. e4 e6 2. d4 d5 3. Nc3 Bb4 4. e5 c5 5. a3 Ba5 6. Bd2 Bd7 7. dxc5 Bxc3 8. Bxc3
Nc6 9. Nf3 Nge7 10. Bd3 Qc7 11. Qe2 h6 12. h4 Ng6 13. Qe3 O-O-O 14. h5 Nge7 15.
O-O-O Kb8 16. b4 a6 17. Bb2 Na7 18. Qf4 Rhf8 19. Nd4 Nac6 20. Ne2 Nf5 21. Bxf5
exf5 22. Rxd5 Be6 23. Rd6 Rd7 24. Rhd1 Qd8 25. Qg3 Rxd6 26. exd6 Kc8 27. Nf4
Qg5 28. Bxg7 Qxg3 29. fxg3 Rg8 30. Nxe6 fxe6 31. d7+ Kd8 32. Bf6+ Ne7 33. a4
Rf8 34. Bh4 e5 35. b5 1-0

[Event "4. Open Hotel Avenida de Canarias 2010"]
[Site "Vecindario ESP"]
[Date "2010.07.18"]
[Round "1.18"]
[White "Monteiro Rodrigues, Carlos"]
[Black "Robin, Samy"]
[Result "0-1"]
[WhiteElo "1672"]
[BlackElo "2308"]
[PlyCount "36"]
[EventDate "2010.07.18"]
[EventType "swiss"]
[EventRounds "9"]
[EventCountry "ESP"]
[Source "lmi"]
[SourceDate "2010.07.18"]

1. e4 e5 2. Nf3 Nc6 3. Bc4 Nf6 4. O-O Be7 5. d4 exd4 6. Nxd4 d6 7. Nc3 O-O 8.
Re1 Ne5 9. Bb3 c5 10. Nf5 Bxf5 11. exf5 c4 12. f4 cxb3 13. fxe5 bxc2 14. Qxc2
dxe5 15. Rxe5 Qd4+ 16. Re3 Ng4 17. Ne2 Nxe3 18. Nxd4 Nxc2 0-1

[Event "4. Open Hotel Avenida de Canarias 2010"]
[Site "Vecindario ESP"]
[Date "2010.07.18"]
[Round "1.19"]
[White "Hernandez Leon, Alberto"]
[Black "Reyes Molina, Juan Pedro"]
[Result "1-0"]
[WhiteElo "2274"]
[BlackElo "1672"]
[PlyCount "69"]
[EventDate "2010.07.18"]
[EventType "swiss"]
[EventRounds "9"]
[EventCountry "ESP"]
[Source "lmi"]
[SourceDate "2010.07.18"]

1. d4 Nf6 2. c4 e6 3. Nf3 b6 4. g3 Bb7 5. Bg2 Be7 6. O-O d6 7. Nc3 Nbd7 8. Qc2
O-O 9. e4 c5 10. d5 Ng4 11. h3 Nge5 12. Nxe5 Nxe5 13. b3 exd5 14. exd5 Bc8 15.
f4 Ng6 16. Ne4 h6 17. f5 Bf6 18. Nxf6+ Qxf6 19. fxg6 Qxa1 20. Bb2 Bf5 21. Qc3
Qxf1+ 22. Bxf1 f6 23. g4 Bxg6 24. h4 Rae8 25. Qg3 Re7 26. g5 hxg5 27. hxg5 f5
28. Qxd6 Kf7 29. Bxg7 Kxg7 30. Qxe7+ Rf7 31. Qe5+ Kf8 32. d6 Kg8 33. Qe8+ Kg7
34. d7 Rf8 35. Qxf8+ 1-0

[Event "4. Open Hotel Avenida de Canarias 2010"]
[Site "Vecindario ESP"]
[Date "2010.07.18"]
[Round "1.20"]
[White "Sanchez Ramirez, Gustavo"]
[Black "Perez Felipe, Marcos Adrian"]
[Result "0-1"]
[WhiteElo "1661"]
[BlackElo "2273"]
[PlyCount "78"]
[EventDate "2010.07.18"]
[EventType "swiss"]
[EventRounds "9"]
[EventCountry "ESP"]
[Source "lmi"]
[SourceDate "2010.07.18"]

1. d4 Nf6 2. c4 e6 3. Nf3 b6 4. Nc3 Bb4 5. a3 Bxc3+ 6. bxc3 Ba6 7. Qb3 Nc6 8.
e3 O-O 9. Qa4 Na5 10. c5 Bxf1 11. Kxf1 d6 12. cxd6 cxd6 13. Bb2 Rc8 14. Rc1 Qc7
15. h4 Qc4+ 16. Qxc4 Nxc4 17. Ba1 Nxa3 18. Ke2 Nc4 19. h5 Ne4 20. Rh4 f5 21.
Ne1 Na5 22. Bb2 Nc4 23. Ba1 e5 24. Nd3 a5 25. dxe5 dxe5 26. Rc2 b5 27. f3 Ned6
28. Rh1 Rfe8 29. Nb2 Nxb2 30. Bxb2 Nc4 31. Bc1 e4 32. f4 Red8 33. g4 fxg4 34.
Rg1 Rc5 35. h6 Rh5 36. Ke1 Rxh6 37. Rxg4 Rh1+ 38. Kf2 Rdd1 39. Bb2 Rh2+ 0-1

[Event "4. Open Hotel Avenida de Canarias 2010"]
[Site "Vecindario ESP"]
[Date "2010.07.18"]
[Round "1.21"]
[White "Vega Gutierrez, Belinda"]
[Black "Galiana Canillas, Antonio"]
[Result "1-0"]
[WhiteElo "2266"]
[BlackElo "1659"]
[PlyCount "49"]
[EventDate "2010.07.18"]
[EventType "swiss"]
[EventRounds "9"]
[EventCountry "ESP"]
[Source "lmi"]
[SourceDate "2010.07.18"]

1. e4 c5 2. Nf3 d6 3. d4 cxd4 4. Nxd4 a6 5. Be2 e5 6. Nb3 Nf6 7. Nc3 Be6 8. f4
Nc6 9. f5 Bxb3 10. axb3 Nd4 11. Bg5 Be7 12. Bxf6 Bxf6 13. Bc4 O-O 14. Nd5 Bh4+
15. g3 Qg5 16. c3 Bxg3+ 17. hxg3 Qxg3+ 18. Kf1 Nf3 19. Qe2 b5 20. Bd3 Nd2+ 21.
Qxd2 Qf3+ 22. Kg1 Qg3+ 23. Qg2 Qxd3 24. Ne7+ Kh8 25. Rxh7+ 1-0

[Event "4. Open Hotel Avenida de Canarias 2010"]
[Site "Vecindario ESP"]
[Date "2010.07.18"]
[Round "1.22"]
[White "Cruz Ramirez, Nauzet"]
[Black "Menvielle Laccourreye, Augusto"]
[Result "0-1"]
[WhiteElo "1636"]
[BlackElo "2245"]
[PlyCount "85"]
[EventDate "2010.07.18"]
[EventType "swiss"]
[EventRounds "9"]
[EventCountry "ESP"]
[Source "lmi"]
[SourceDate "2010.07.18"]

1. Nf3 Nf6 2. c4 g6 3. d3 Bg7 4. Nc3 O-O 5. g3 d5 6. Bg2 dxc4 7. dxc4 Qxd1+ 8.
Nxd1 Nc6 9. O-O Be6 10. b3 a5 11. a4 Rfd8 12. Bb2 h6 13. Nc3 Ne4 14. Nxe4 Bxb2
15. Rab1 Bg7 16. Nc5 Bf5 17. e4 Bc8 18. Rfd1 Nd4 19. Nxd4 Bxd4 20. Nd3 e5 21.
Nxe5 c5 22. Nf3 Bg4 23. h3 Bxf3 24. Bxf3 Ra6 25. Kf1 Re8 26. Bg2 Rf6 27. f4 g5
28. f5 Rb6 29. Re1 Kg7 30. Bf3 Be5 31. Kg2 Rd8 32. Re3 Rd2+ 33. Kf1 Bd4 34. Re2
Rd3 35. Kg2 Kf6 36. g4 Ke5 37. Ra2 Rdxb3 38. Rxb3 Rxb3 39. Bd1 Rb4 40. Be2 b6
41. Bd3 Bb2 42. Bc2 f6 43. Bd3 0-1

[Event "4. Open Hotel Avenida de Canarias 2010"]
[Site "Vecindario ESP"]
[Date "2010.07.18"]
[Round "1.23"]
[White "Torres Ventosa, Pedro Eugenio"]
[Black "Roque Hernandez, Francisco"]
[Result "1-0"]
[WhiteElo "2245"]
[BlackElo "1634"]
[PlyCount "73"]
[EventDate "2010.07.18"]
[EventType "swiss"]
[EventRounds "9"]
[EventCountry "ESP"]
[Source "lmi"]
[SourceDate "2010.07.18"]

1. e4 c6 2. c4 e5 3. Nc3 Nf6 4. f4 exf4 5. d4 g5 6. h4 gxh4 7. Bxf4 h5 8. Nf3
d5 9. cxd5 cxd5 10. Bxb8 Rxb8 11. e5 Ng4 12. Qa4+ Bd7 13. Qxa7 Bc6 14. Bb5 Bxb5
15. Nxb5 Bb4+ 16. Ke2 O-O 17. Qa4 Be7 18. Nc3 f6 19. Qb3 fxe5 20. Nxd5 Kg7 21.
dxe5 Bc5 22. Rad1 Qe8 23. Nc7 Qc6 24. Ne6+ Kh8 25. Rd5 Qxe6 26. Rxc5 Qa6+ 27.
Qc4 Qb6 28. b4 Qh6 29. Qc3 Qe6 30. Qb2 Rf4 31. Rxh4 Rf5 32. Rh1 Rg8 33. Rd1
Nxe5 34. Ke1 Qg6 35. Rxe5 Qg3+ 36. Kd2 Qxg2+ 37. Re2+ 1-0

[Event "4. Open Hotel Avenida de Canarias 2010"]
[Site "Vecindario ESP"]
[Date "2010.07.18"]
[Round "1.25"]
[White "Trujillo Alvarado, Ivan"]
[Black "Perez Martin, Alain"]
[Result "1-0"]
[WhiteElo "2196"]
[BlackElo "1607"]
[PlyCount "46"]
[EventDate "2010.07.18"]
[EventType "swiss"]
[EventRounds "9"]
[EventCountry "ESP"]
[Source "lmi"]
[SourceDate "2010.07.18"]

1. d4 d5 2. c4 e6 3. Nc3 Nf6 4. Bg5 Be7 5. e3 O-O 6. Qc2 h6 7. Bh4 b6 8. Nf3 c5
9. Rd1 Bb7 10. dxc5 bxc5 11. Be2 Nc6 12. O-O Qc7 13. Bg3 Qd7 14. a3 a6 15. Na4
Qd8 16. cxd5 exd5 17. Nxc5 Qb6 18. Nxb7 Qxb7 19. b4 Rac8 20. Qa4 a5 21. b5 Nd8
22. Rc1 Ra8 23. Rc7 Qb6 1-0

[Event "4. Open Hotel Avenida de Canarias 2010"]
[Site "Vecindario ESP"]
[Date "2010.07.18"]
[Round "1.26"]
[White "Santana Gil, Odama"]
[Black "Natalicchio Escalante, Nicolas"]
[Result "0-1"]
[WhiteElo "1606"]
[BlackElo "2193"]
[PlyCount "76"]
[EventDate "2010.07.18"]
[EventType "swiss"]
[EventRounds "9"]
[EventCountry "ESP"]
[Source "lmi"]
[SourceDate "2010.07.18"]

1. e4 c5 2. Nf3 d6 3. d4 cxd4 4. Nxd4 Nf6 5. Nc3 g6 6. Be3 Bg7 7. Be2 a6 8. Qd2
b5 9. a3 Bb7 10. f3 Nbd7 11. Bh6 Bxh6 12. Qxh6 Rc8 13. Nb3 Qb6 14. Qd2 Ne5 15.
Qd4 Qxd4 16. Nxd4 e6 17. O-O Ke7 18. Nb3 d5 19. exd5 Nxd5 20. Nxd5+ Bxd5 21.
Nd4 Nc4 22. b3 Ne3 23. Rfc1 e5 24. c4 exd4 25. cxd5 Nxd5 26. a4 Nc3 27. Bd3
bxa4 28. bxa4 a5 29. Re1+ Kd6 30. f4 Rhe8 31. Rxe8 Rxe8 32. f5 Re3 33. fxg6
hxg6 34. Bc4 f5 35. h4 Ke5 36. Bf7 Kf6 37. Bc4 d3 38. Bb3 d2 0-1

[Event "4. Open Hotel Avenida de Canarias 2010"]
[Site "Vecindario ESP"]
[Date "2010.07.18"]
[Round "1.27"]
[White "Bressac, Stephane"]
[Black "Morales Hengmith, Chantal"]
[Result "1-0"]
[WhiteElo "2190"]
[BlackElo "1592"]
[PlyCount "107"]
[EventDate "2010.07.18"]
[EventType "swiss"]
[EventRounds "9"]
[EventCountry "ESP"]
[Source "lmi"]
[SourceDate "2010.07.18"]

1. e4 d6 2. d4 g6 3. Nc3 Bg7 4. Be3 Nf6 5. f3 c6 6. Qd2 O-O 7. h4 Nbd7 8. h5
Qe8 9. Bh6 e5 10. Bxg7 Kxg7 11. hxg6 fxg6 12. Qh6+ Kf7 13. O-O-O Rb8 14. Nh3
Qe7 15. Ng5+ Ke8 16. Nxh7 Nxh7 17. Qxh7 Qg5+ 18. Kb1 exd4 19. Rxd4 Qf6 20. e5
dxe5 21. Ne4 Qe7 22. Qxg6+ Kd8 23. Rh7 Qxh7 24. Qxh7 exd4 25. Qh4+ Kc7 26. Qe7
b6 27. Qd6+ Kb7 28. Qxd4 Ka8 29. Nd6 Rd8 30. Qh4 Bb7 31. Nxb7 Kxb7 32. a4 Nc5
33. Bd3 Nxd3 34. cxd3 Rd5 35. Qe7+ Ka8 36. Qc7 Rbd8 37. Qxc6+ Kb8 38. f4 Rxd3
39. f5 Rd1+ 40. Ka2 Rf1 41. a5 Rxf5 42. axb6 Ra5+ 43. Kb1 Rc8 44. Qd6+ Ka8 45.
Qd7 Kb8 46. bxa7+ Rxa7 47. Qd6+ Ka8 48. g4 Rg7 49. g5 Rxg5 50. Qa3+ Kb8 51.
Qb4+ Ka8 52. Qe4+ Kb8 53. Qf4+ Ka8 54. Qxg5 1-0

[Event "4. Open Hotel Avenida de Canarias 2010"]
[Site "Vecindario ESP"]
[Date "2010.07.18"]
[Round "1.28"]
[White "Santana Benitez, Romen"]
[Black "Garcia Blanco, Omar"]
[Result "0-1"]
[WhiteElo "1573"]
[BlackElo "2179"]
[PlyCount "64"]
[EventDate "2010.07.18"]
[EventType "swiss"]
[EventRounds "9"]
[EventCountry "ESP"]
[Source "lmi"]
[SourceDate "2010.07.18"]

1. d4 Nf6 2. c4 c5 3. d5 b5 4. cxb5 a6 5. bxa6 d6 6. Nc3 Bxa6 7. e4 Bxf1 8.
Kxf1 g6 9. g3 Bg7 10. Kg2 O-O 11. Nge2 Nbd7 12. Qc2 Ra6 13. f4 Qa8 14. a3 Rb8
15. h3 e6 16. Qd3 exd5 17. exd5 Nb6 18. Rd1 Ne8 19. Qf3 Na4 20. Nxa4 Rxa4 21.
Nc3 Rd4 22. Ra2 Rb3 23. Qe2 Nc7 24. Rxd4 cxd4 25. Qc4 Qb7 26. Ne4 Nxd5 27. Kf2
Ne3 28. Bxe3 Qxe4 29. Qxb3 dxe3+ 30. Ke1 Qh1+ 31. Ke2 Qg2+ 32. Ke1 Qd2+ 0-1

[Event "4. Open Hotel Avenida de Canarias 2010"]
[Site "Vecindario ESP"]
[Date "2010.07.18"]
[Round "1.29"]
[White "Leon Varela, Luis"]
[Black "Quiza Vazquez, Carolina"]
[Result "1-0"]
[WhiteElo "2170"]
[BlackElo "1558"]
[PlyCount "47"]
[EventDate "2010.07.18"]
[EventType "swiss"]
[EventRounds "9"]
[EventCountry "ESP"]
[Source "lmi"]
[SourceDate "2010.07.18"]

1. d4 Nf6 2. c4 e6 3. Nc3 Bb4 4. f3 d5 5. a3 Bxc3+ 6. bxc3 O-O 7. e3 b6 8. Bd3
Ba6 9. cxd5 Bxd3 10. Qxd3 exd5 11. Ne2 Re8 12. O-O c5 13. dxc5 bxc5 14. c4 dxc4
15. Qxc4 Nbd7 16. e4 Rc8 17. Bb2 Nb6 18. Qa6 Rc7 19. Rad1 Qe7 20. Ng3 Rec8 21.
Nf5 Qf8 22. Be5 Rd7 23. Rxd7 Nbxd7 24. Bd6 1-0